| 000 | 01053nam a2200253 a 4500 | ||
|---|---|---|---|
| 001 | 000014070 | ||
| 003 | OSt | ||
| 005 | 20240422101416.0 | ||
| 008 | 091203s1939 dr 001 0 spa d | ||
| 040 |
_aDO-SdBNP _bspa _cBNPHU |
||
| 082 | 4 |
_a972.9305 _bW449v, 1939 |
|
| 100 | 1 |
_aWelles, Benjamin Sumner, _d1892-1961 _931871 |
|
| 240 | 1 | 0 |
_aNaboths Vineyard: the Dominican Republic 1844-1924 _lespañol |
| 245 | 1 | 3 |
_aLa viña de Naboth : _bla República Dominicana 1844-1924 / _cSumner Welles ; prólogo y traducción de Manfredo A. Moore. |
| 260 |
_aSantiago, República Dominicana : _bEl Diario, _c1939. |
||
| 300 |
_a2 v. ; _c23 cm. |
||
| 500 | _aTraducido del inglés. | ||
| 651 | 0 |
_aRepública Dominicana -- _xHistoria -- _yOcupación norteamericana, 1916-1924 _91926 |
|
| 651 | 4 |
_aRepública Dominicana _xRelaciones Exteriores _zEstados Unidos _96308 |
|
| 651 | 4 |
_aEstados Unidos _xRelaciones Exteriores _zRepública Dominicana _96309 |
|
| 700 | 1 |
_aMoore, Manfredo A. _etr. _931872 |
|
| 910 | _aValidado. Control de calidad MMOLINA | ||
| 942 |
_2ddc _cLBS1 |
||
| 999 |
_c13672 _d13672 |
||